[Event "Taastrup Quick Weekend 13th B4"]
[Site "Taastrup"]
[Date "2011.04.03"]
[Round "5"]
[White "Borregaard, Katinka Holmboe"]
[Black "Drygaard, Mikkel"]
[Result "0-1"]
[WhiteElo "1028"]
[BlackElo "1071"]
[PlyCount "94"]
[EventDate "2011.04.01"]
[EventType "swiss"]
[EventRounds "5"]
[EventCountry "DEN"]
[SourceTitle "EXT 2023"]
[Source "ChessBase"]
[SourceDate "2022.10.05"]
[SourceVersion "1"]
[SourceVersionDate "2022.10.05"]
[SourceQuality "1"]

1. e4 c5 2. Nf3 Nc6 3. Nc3 Nf6 4. Bc4 e6 5. b3 d5 6. e5 dxc4 7. exf6 Qxf6 8. bxc4 Bd6 9. Bb2 0-0 10. Na4 Qg6 11. Nh4 Qe4+ 12. Qe2 Qxh4 13. g3 Qe7 14. 0-0-0 Nd4 15. Qd3 Qf6 16. f4 Qf5 17. Qxf5 Nxf5 18. Nc3 a6 19. Ne4 Bc7 20. Nxc5 b5 21. cxb5 axb5 22. a3 Bd6 23. Ne4 Bxa3 24. g4 Bb7 25. Nc3 Bxb2+ 26. Kxb2 Bxh1 27. Rxh1 Nd4 28. h4 b4 29. Nd1 Ra5 30. c3 bxc3+ 31. dxc3 Rb8+ 32. Kc1 Nb3+ 33. Kc2 Ra1 34. h5 Rd8 35. g5 Rd2+ 36. Kxb3 Raxd1 37. Rxd1 Rxd1 38. c4 Kf8 39. Kb4 Rd4 40. Kb5 Ke7 41. c5 Kd7 42. Kb6 Rb4+ 43. Ka5 Rb1 44. h6 gxh6 45. gxh6 Kc6 46. f5 Kxc5 47. fxe6 Ra1# 0-1

[Event "Taastrup Quick Weekend 13th B4"]
[Site "Taastrup"]
[Date "2011.04.03"]
[Round "4"]
[White "Drygaard, Mikkel"]
[Black "Morling, Aase"]
[Result "1-0"]
[WhiteElo "1071"]
[BlackElo "1137"]
[PlyCount "113"]
[EventDate "2011.04.01"]
[EventType "swiss"]
[EventRounds "5"]
[EventCountry "DEN"]
[SourceTitle "EXT 2023"]
[Source "ChessBase"]
[SourceDate "2022.10.05"]
[SourceVersion "1"]
[SourceVersionDate "2022.10.05"]
[SourceQuality "1"]

1. d4 Nf6 2. c4 e6 3. Bg5 h6 4. Bh4 Bb4+ 5. Nd2 0-0 6. Ngf3 d6 7. a3 Bxd2+ 8. Qxd2 Nbd7 9. e3 b6 10. d5 exd5 11. cxd5 Bb7 12. Bc4 Re8 13. Qd4 Ne5 14. Nxe5 dxe5 15. Qd3 Qd6 16. 0-0 Bxd5 17. Bxf6 Bxc4 18. Qxc4 gxf6 19. Rfd1 Qe7 20. Qg4+ Kh7 21. Rd7 Qe6 22. Qxe6 Rxe6 23. Rxf7+ Kg6 24. Rxc7 Rd6 25. h3 a5 26. Rac1 Rad8 27. g3 Rd2 28. b4 axb4 29. axb4 Rb2 30. R1c4 h5 31. f4 Rb3 32. Kf2 Rd2+ 33. Kf3 Rbb2 34. fxe5 Rf2+ 35. Ke4 f5+ 36. Kd5 Rfd2+ 37. Rd4 Rxd4+ 38. exd4 Rxb4 39. e6 Kf6 40. e7 Kf7 41. Ke5 Rb5+ 42. d5 Rc5 43. Rxc5 bxc5 44. d6 h4 45. gxh4 c4 46. h5 c3 47. h6 c2 48. h7 c1Q 49. e8Q+ Kxe8 50. h8Q+ Kd7 51. Qh7+ Kc8 52. Qc7+ Qxc7 53. dxc7 Kxc7 54. Kxf5 Kd6 55. Kg6 Ke6 56. h4 Ke7 57. Kg7 1-0

[Event "Taastrup Quick Weekend 13th B4"]
[Site "Taastrup"]
[Date "2011.04.02"]
[Round "3"]
[White "Drygaard, Mikkel"]
[Black "Larsen, Julie"]
[Result "1-0"]
[WhiteElo "1071"]
[BlackElo "1160"]
[PlyCount "31"]
[EventDate "2011.04.01"]
[EventType "swiss"]
[EventRounds "5"]
[EventCountry "DEN"]
[SourceTitle "EXT 2023"]
[Source "ChessBase"]
[SourceDate "2022.10.05"]
[SourceVersion "1"]
[SourceVersionDate "2022.10.05"]
[SourceQuality "1"]

1. d4 d5 2. c4 dxc4 3. e4 e6 4. Bxc4 Nc6 5. Nf3 b6 6. 0-0 Bb7 7. Bb5 Nge7 8. Nc3 a6 9. Ba4 b5 10. Bb3 g6 11. Bg5 h6 12. Bf6 Rh7 13. d5 exd5 14. Nxd5 Qd6 15. e5 Qc5 16. Nxc7# 1-0

[Event "Taastrup Spil Naar Du Vil V"]
[Site "Taastrup"]
[Date "2010.04.15"]
[Round "3"]
[White "Wadtland, Flemming"]
[Black "Drygaard, Mikkel"]
[Result "1/2-1/2"]
[WhiteElo "1249"]
[BlackElo "1101"]
[PlyCount "67"]
[EventDate "2010.03.25"]
[EventType "swiss"]
[EventRounds "7"]
[EventCountry "DEN"]
[SourceTitle "EXT 2023"]
[Source "ChessBase"]
[SourceDate "2022.10.05"]
[SourceVersion "1"]
[SourceVersionDate "2022.10.05"]
[SourceQuality "1"]

1. Nf3 d5 2. c4 Nf6 3. cxd5 Nxd5 4. e4 Nb6 5. Nc3 Bg4 6. d4 N8d7 7. Bf4 e6 8. a3 c5 9. Nb5 cxd4 10. Nc7+ Ke7 11. Nxa8 e5 12. Nxb6 Qxb6 13. h3 Bxf3 14. Bg5+ f6 15. Bxf6+ gxf6 16. gxf3 Qxb2 17. Rb1 Qc3+ 18. Qd2 Qxf3 19. Qb4+ Ke8 20. Qxb7 Qxh1 21. Qc6 f5 22. Rb8+ Ke7 23. Rb7 Qxe4+ 24. Qxe4 fxe4 25. Bb5 Kf6 26. Rxd7 Bc5 27. Rc7 Bxa3 28. Rxa7 Rb8 29. Ra6+ Kf5 30. Bd7+ Kf4 31. Rxa3 Rb1+ 32. Kd2 Rb2+ 33. Ke1 Rb1+ 34. Kd2 1/2-1/2

[Event "Taastrup Quick Weekend 5th B2"]
[Site "Taastrup"]
[Date "2007.04.22"]
[Round "4"]
[White "Drygaard, Mikkel"]
[Black "Lindgaard, Jorn"]
[Result "0-1"]
[WhiteElo "1000"]
[BlackElo "1200"]
[PlyCount "46"]
[EventDate "2007.04.20"]
[EventType "swiss"]
[EventRounds "5"]
[EventCountry "DEN"]
[SourceTitle "EXT 2023"]
[Source "ChessBase"]
[SourceDate "2022.10.05"]
[SourceVersion "1"]
[SourceVersionDate "2022.10.05"]
[SourceQuality "1"]

1. d4 Nf6 2. Bf4 g6 3. Nf3 Bg7 4. e3 d6 5. Bd3 0-0 6. c3 c5 7. Qc2 Nc6 8. Nbd2 e5 9. Bg5 cxd4 10. cxd4 exd4 11. Nxd4 Nxd4 12. Qc3 Nc6 13. Ne4 Ne5 14. 0-0-0 Be6 15. Rdg1 Rc8 16. Bc4 Rxc4 17. Qxc4 Bxc4 18. Nc3 Qa5 19. a3 Nd3+ 20. Kc2 Qxg5 21. h4 Qf5 22. e4 Qxf2+ 23. Kd1 Bb3# 0-1

[Event "Taastrup Quick Weekend 5th B2"]
[Site "Taastrup"]
[Date "2007.04.21"]
[Round "3"]
[White "Nielsen, Nichlas BS"]
[Black "Drygaard, Mikkel"]
[Result "1-0"]
[WhiteElo "1000"]
[BlackElo "1000"]
[PlyCount "163"]
[EventDate "2007.04.20"]
[EventType "swiss"]
[EventRounds "5"]
[EventCountry "DEN"]
[SourceTitle "EXT 2023"]
[Source "ChessBase"]
[SourceDate "2022.10.05"]
[SourceVersion "1"]
[SourceVersionDate "2022.10.05"]
[SourceQuality "1"]

1. d4 d5 2. Bf4 c5 3. e3 Bf5 4. c3 e6 5. Bb5+ Nc6 6. Qa4 Qc7 7. Bxc7 Nge7 8. Bd6 Rc8 9. Nf3 a6 10. Bxc6+ bxc6 11. Qxa6 Rb8 12. Bxb8 Be4 13. Ne5 c4 14. Nxc6 Bxg2 15. Nxe7 f6 16. Nc8 Bxh1 17. Qxe6+ Kd8 18. Bd6 Bxd6 19. Nxd6 Kc7 20. Qe7+ Kc6 21. Qxg7 Rd8 22. Qe7 Rxd6 23. Qxh7 Be4 24. h4 Bxh7 25. h5 Kd7 26. Nd2 Rb6 27. 0-0-0 Ra6 28. Rg1 Bf5 29. Rg7+ Kd6 30. Rf7 Ke6 31. Rb7 Rxa2 32. f3 Ra1+ 33. Nb1 Rxb1+ 34. Kd2 Rf1 35. Ke2 Bd3+ 36. Kd2 Rf2+ 37. Ke1 Re2+ 38. Kd1 Rxe3 39. Rb6+ Kf5 40. h6 Be2+ 41. Kd2 Rd3+ 42. Kxe2 Kf4 43. h7 Re3+ 44. Kd1 Re8 45. Rxf6+ Kg5 46. Re6 Rh8 47. Re7 Kf6 48. Ra7 Kf5 49. Rf7+ Kg6 50. Ra7 Kh5 51. Rg7 Kh4 52. f4 Kh5 53. f5 Kh6 54. f6 Rxh7 55. Rxh7+ Kxh7 56. f7 Kg7 57. b4 Kxf7 58. Kc2 Ke7 59. Kb2 Kd7 60. Ka3 Kc7 61. Ka4 Kb7 62. Ka5 Kb8 63. Kb5 Kb7 64. Kc5 Kb8 65. Kxd5 Kc7 66. Kxc4 Kc6 67. d5+ Kc7 68. b5 Kb6 69. d6 Kb7 70. Kc5 Kc8 71. b6 Kb8 72. Kc6 Kc8 73. d7+ Kd8 74. b7 Ke7 75. b8Q Ke6 76. d8Q Kf5 77. Qh4 Ke6 78. Qd6+ Kf5 79. Qd5+ Kg6 80. Qe6+ Kg7 81. Qhe7+ Kh8 82. Qc8# 1-0